000 00188 a2200097 4500
020 _a9781585740215
041 _aeng
100 _aSusan Carol Hauser
245 _aOutwitting
942 _cBK
999 _c30058
_d30056